00911nam a22002537a 450000500170000001000130001702000220003003500130005203700160006504000120008108200150009310000210010824500460012924600570017526000510023227000510028330000250033450000200035965000360037965000380041594200240045399900190047795201610049620170124110004.0 aA-295238 c00.00a8172760038 aA-295238 bCen Lib/Ret aDPLbEN a361.2bBAL aBalan, K.986314 aA better India by 2000 A.D. /cby K.Balan aA bettter Idian by two thousand A.D /bby by K.Balan aNew DelhibIntellectual Publishing Housec1987 a23, Daryaganj , Ansari RoadbNew Delhie110002 aviii,103p.b22cm(Hb) aIncludes index. aIndia -- Economic policy.98390 a Public welfare -- India. 910062 2ddccENh361.2mBAL c126093d126093 04104070aLbLd2015-06-24eCen Lib/Retg0.00l0o361.2 BALpA-295238r2015-06-24 00:00:00t1v0.00w2015-06-24yENzW/d List No. 6890/13 ; dtd 14/09/2020